[Event "Deutsche Ländermeisterschaft 2019"]
[Site "Würzburg GER"]
[Date "2019.10.05"]
[Round "6"]
[White "Heldt, Nils-Lennart"]
[Black "Hoffmann, Sebastian"]
[Result "1-0"]
[Termination "normal"]
[Board "9.1"]
[WhiteElo "2131"]
[BlackElo "2187"]
[WhiteTeam "SG Bremen / Niedersachsen"]
[BlackTeam "Bayern 2"]
[PlyCount "87"]
[WhiteFideId "12952109"]
[BlackFideId "12954535"]
[EventCountry "GER"]
[EventRounds "7"]
[EventType "team-swiss"]
[EventDate "2019.10.01"]

1. e4 c5 2. c4 Nc6 3. Ne2 e6 4. d4 cxd4 5. Nxd4 Nf6 6. Nc3 Bb4 7. Nxc6 bxc6 8.
Bd3 e5 9. O-O Bc5 10. Rb1 d6 11. b4 Bb6 12. a4 a5 13. b5 cxb5 14. axb5 Nd7 15.
Nd5 Bd4 16. Qg4 Kf8 17. Bg5 f6 18. Be3 Nc5 19. Qe2 Bxe3 20. Qxe3 Be6 21. f4
Bxd5 22. exd5 e4 23. Bc2 Qb6 24. Qd4 f5 25. g4 fxg4 26. Bxe4 Nd7 27. Qxb6 Nxb6
28. Rfc1 Na4 29. Bf5 h5 30. b6 Nc5 31. b7 Rb8 32. Bc8 Ke7 33. Rb6 Rh6 34. Rcb1
Kd8 35. R1b5 a4 36. Ra5 Rxc8 37. bxc8=Q+ Kxc8 38. Rb1 Rf6 39. Ra8+ Kc7 40. Ra7+
Kc8 41. Re1 Kd8 42. Ree7 Rg6 43. f5 Rg5 44. f6 1-0

[Event "Deutsche Ländermeisterschaft 2019"]
[Site "Würzburg GER"]
[Date "2019.10.05"]
[Round "6"]
[White "Junker, Magnus"]
[Black "Pahl, Erik"]
[Result "1/2-1/2"]
[Termination "normal"]
[Board "9.2"]
[WhiteElo "2059"]
[BlackElo "2027"]
[WhiteTeam "Bayern 2"]
[BlackTeam "SG Bremen / Niedersachsen"]
[PlyCount "87"]
[WhiteFideId "16218507"]
[BlackFideId "16201272"]
[EventCountry "GER"]
[EventRounds "7"]
[EventType "team-swiss"]
[EventDate "2019.10.01"]

1. e4 c5 2. Nf3 d6 3. d4 cxd4 4. Nxd4 Nf6 5. Nc3 a6 6. Bg5 e6 7. f4 h6 8. Bh4
Qb6 9. Bxf6 gxf6 10. Qd2 Qxb2 11. Nb3 Qa3 12. Be2 Nd7 13. O-O Nc5 14. Kh1 Be7
15. e5 f5 16. Rad1 d5 17. Nd4 Bd7 18. Rf3 Qa5 19. Rg3 Na4 20. Nb3 Qb4 21. Bh5
Nxc3 22. Rxc3 Rg8 23. Nd4 Rc8 24. Rxc8+ Bxc8 25. c3 Qa5 26. Rb1 Kf8 27. g4 fxg4
28. f5 Bg5 29. Qf2 exf5 30. Nxf5 d4 31. Nxd4 Qd5+ 32. Kg1 b5 33. e6 Bxe6 34.
Nxe6+ Qxe6 35. Re1 Qd5 36. Rf1 Be3 37. Qxe3 Qxh5 38. Rd1 Rg6 39. Qd4 g3 40. h4
Qe2 41. Qh8+ Rg8 42. Qxh6+ Ke8 43. Qc6+ Kf8 44. Qh6+ 1/2-1/2

[Event "Deutsche Ländermeisterschaft 2019"]
[Site "Würzburg GER"]
[Date "2019.10.05"]
[Round "6"]
[White "Pahl, Theis"]
[Black "Köhler, Lukas"]
[Result "1/2-1/2"]
[Termination "normal"]
[Board "9.3"]
[WhiteElo "1984"]
[BlackElo "2040"]
[WhiteTeam "SG Bremen / Niedersachsen"]
[BlackTeam "Bayern 2"]
[PlyCount "67"]
[WhiteFideId "16201264"]
[BlackFideId "16221990"]
[EventCountry "GER"]
[EventRounds "7"]
[EventType "team-swiss"]
[EventDate "2019.10.01"]

1. Nf3 Nf6 2. b3 e6 3. Bb2 c5 4. g3 b6 5. Bg2 Bb7 6. O-O Be7 7. d3 O-O 8. Nbd2
d6 9. e4 Nc6 10. Nc4 Nd7 11. Ne3 Rc8 12. h3 Qc7 13. Nh2 Bf6 14. c3 Rce8 15. f4
b5 16. Nhg4 Bd8 17. Kh2 Ne7 18. f5 exf5 19. Nxf5 Nxf5 20. Rxf5 Ne5 21. Nxe5
Rxe5 22. Rf2 Re6 23. c4 bxc4 24. bxc4 Rg6 25. Qh5 Bc8 26. Raf1 Rg5 27. Qf3 Rg6
28. Qe2 d5 29. e5 d4 30. Bc1 Rb6 31. Bf4 Qe7 32. Be4 Bb7 33. Bf5 Bc7 34. Re1
1/2-1/2

[Event "Deutsche Ländermeisterschaft 2019"]
[Site "Würzburg GER"]
[Date "2019.10.05"]
[Round "6"]
[White "Danninger, Jannik"]
[Black "Möller, Hannah"]
[Result "1-0"]
[Termination "normal"]
[Board "9.4"]
[WhiteElo "1990"]
[BlackElo "1859"]
[WhiteTeam "Bayern 2"]
[BlackTeam "SG Bremen / Niedersachsen"]
[PlyCount "91"]
[WhiteFideId "16226402"]
[BlackFideId "1270514"]
[EventCountry "GER"]
[EventRounds "7"]
[EventType "team-swiss"]
[EventDate "2019.10.01"]

1. e4 g6 2. f4 Bg7 3. Nf3 d6 4. d4 Nd7 5. Nc3 a6 6. a4 e6 7. Be3 b6 8. Bd3 Bb7
9. Qd2 Ne7 10. g4 f5 11. Ng5 Nf8 12. h3 c5 13. dxc5 dxc5 14. O-O-O Qd7 15. exf5
exf5 16. gxf5 Nxf5 17. Rhe1 O-O-O 18. Bxf5 gxf5 19. Nf7 Qxd2+ 20. Bxd2 Bf3 21.
Nxd8 Kxd8 22. Ne2 Kc7 23. Bc3 Bxc3 24. bxc3 Ng6 25. Rd3 Bxe2 26. Rxe2 Nxf4 27.
Re7+ Kc6 28. Rdd7 Nxh3 29. Rxh7 Rxh7 30. Rxh7 Ng5 31. Rh6+ Kc7 32. Rf6 Ne4 33.
Rxf5 Nxc3 34. a5 Ne4 35. Kb2 Kc6 36. Re5 Nd6 37. Kb3 bxa5 38. Ka4 Kb6 39. Re6
Kc6 40. Kxa5 Kd5 41. Rh6 Nc4+ 42. Kxa6 Ne3 43. Kb5 Kd4 44. Rh4+ Kc3 45. Rh3 Kd4
46. Rxe3 1-0

[Event "Deutsche Ländermeisterschaft 2019"]
[Site "Würzburg GER"]
[Date "2019.10.05"]
[Round "6"]
[White "Sinnhöfer, Joshua"]
[Black "Khamenya, Vitalia"]
[Result "0-1"]
[Termination "normal"]
[Board "9.5"]
[WhiteElo "1606"]
[BlackElo "1908"]
[WhiteTeam "SG Bremen / Niedersachsen"]
[BlackTeam "Bayern 2"]
[PlyCount "76"]
[WhiteFideId "16201361"]
[BlackFideId "12959260"]
[EventCountry "GER"]
[EventRounds "7"]
[EventType "team-swiss"]
[EventDate "2019.10.01"]

1. e4 g6 2. d4 Bg7 3. Nf3 d6 4. Be2 Nf6 5. Nc3 a6 6. O-O O-O 7. Bg5 Nbd7 8. Qd2
b5 9. a3 Bb7 10. Bd3 c5 11. e5 dxe5 12. dxe5 Ng4 13. Be4 Bxe4 14. Nxe4 c4 15.
Rad1 Ndxe5 16. Qxd8 Rfxd8 17. Bxe7 Rxd1 18. Rxd1 Nc6 19. Bg5 Bxb2 20. Rd6 Nce5
21. h3 Nxf3+ 22. gxf3 Ne5 23. Kg2 f5 24. Nd2 Nf7 25. Bf6 Nxd6 26. Bxb2 a5 27.
Bc3 Kf7 28. Nf1 Ke6 29. Ne3 Nc8 30. Kg3 Ne7 31. Kf4 Nd5+ 32. Nxd5 Kxd5 33. Kg5
Kc5 34. Kh6 b4 35. axb4+ axb4 36. Bd2 Ra2 37. Kxh7 Rxc2 38. Be3+ Kd5 0-1

[Event "Deutsche Ländermeisterschaft 2019"]
[Site "Würzburg GER"]
[Date "2019.10.05"]
[Round "6"]
[White "Butenandt, Svenja"]
[Black "Sinnhöfer, Lilian"]
[Result "1-0"]
[Termination "normal"]
[Board "9.6"]
[WhiteElo "1807"]
[BlackElo "1442"]
[WhiteTeam "Bayern 2"]
[BlackTeam "SG Bremen / Niedersachsen"]
[PlyCount "75"]
[WhiteFideId "12993859"]
[BlackFideId "12977586"]
[EventCountry "GER"]
[EventRounds "7"]
[EventType "team-swiss"]
[EventDate "2019.10.01"]

1. d4 Nf6 2. c4 e6 3. Nc3 Bb4 4. e3 b6 5. Nge2 Ne4 6. Qc2 Bb7 7. a3 Bxc3+ 8.
Nxc3 Nxc3 9. bxc3 d6 10. e4 Nd7 11. Bd3 Qh4 12. O-O Qg4 13. f3 Qh4 14. Rb1 h6
15. Be3 Rb8 16. Qa4 a6 17. c5 dxc5 18. dxc5 b5 19. Qd4 e5 20. Qb4 O-O 21. c4 c6
22. cxb5 axb5 23. Rfd1 Qe7 24. Bf1 Ra8 25. Rd6 Ra4 26. Qxa4 bxa4 27. Rxb7 Rd8
28. Bd2 Qe8 29. Ba5 Ra8 30. Rbxd7 Kh7 31. Rd8 Rxd8 32. Bxd8 Kg8 33. Bc4 Kh7 34.
g4 f6 35. Be6 Kh8 36. Bb6 Qe7 37. Rd8+ Kh7 38. Bf5+ 1-0

[Event "Deutsche Ländermeisterschaft 2019"]
[Site "Würzburg GER"]
[Date "2019.10.05"]
[Round "6"]
[White "Fröhlich, Niklas"]
[Black "Fuchs, Florian"]
[Result "0-1"]
[Termination "normal"]
[Board "9.7"]
[WhiteElo "1228"]
[BlackElo "1789"]
[WhiteTeam "SG Bremen / Niedersachsen"]
[BlackTeam "Bayern 2"]
[PlyCount "100"]
[WhiteFideId "16245016"]
[BlackFideId "16213351"]
[EventCountry "GER"]
[EventRounds "7"]
[EventType "team-swiss"]
[EventDate "2019.10.01"]

1. e4 c5 2. d4 cxd4 3. c3 g6 4. cxd4 d5 5. e5 Nc6 6. Nc3 Nh6 7. h3 Nf5 8. Nf3
h5 9. Bb5 e6 10. Bg5 Be7 11. Bxe7 Qxe7 12. a3 Bd7 13. Rc1 a6 14. Ba4 b5 15. Bc2
Nh4 16. Nxh4 Qxh4 17. Ne2 Na5 18. g3 Qe7 19. a4 Qb4+ 20. Nc3 Qxb2 21. Qd2 Nc4
22. Nd1 Nxd2 23. Nxb2 Nf3+ 24. Kf1 Nxd4 25. Bd1 Ke7 26. f4 Rac8 27. Rxc8 Rxc8
28. axb5 Bxb5+ 29. Kf2 Rc1 30. h4 Rb1 31. Ke3 Nf5+ 32. Kf3 Rxb2 33. Re1 Rb1 34.
Kf2 a5 35. Kf3 Ba4 36. Ke2 Nxg3+ 37. Kd2 Ne4+ 38. Ke2 Bxd1+ 39. Rxd1 Nc3+ 40.
Kd2 Nxd1 41. Kc2 Rb5 42. Kxd1 a4 43. f5 a3 44. f6+ Kd7 45. Ke2 Rb3 46. Kd2 a2
47. Kc2 Ra3 48. Kd2 a1=Q 49. Ke2 Qb2+ 50. Ke1 Ra1# 0-1

[Event "Deutsche Ländermeisterschaft 2019"]
[Site "Würzburg GER"]
[Date "2019.10.05"]
[Round "6"]
[White "Reich, Elisabeth"]
[Black "Vianden, Ella"]
[Result "1-0"]
[Termination "normal"]
[Board "9.8"]
[WhiteElo "1199"]
[BlackElo "1306"]
[WhiteTeam "Bayern 2"]
[BlackTeam "SG Bremen / Niedersachsen"]
[PlyCount "115"]
[WhiteFideId "16239776"]
[BlackFideId "16235592"]
[EventCountry "GER"]
[EventRounds "7"]
[EventType "team-swiss"]
[EventDate "2019.10.01"]

1. e4 e5 2. Nf3 Nc6 3. d4 exd4 4. Bc4 Nf6 5. O-O Be7 6. Re1 d6 7. h3 O-O 8.
Nxd4 Nxd4 9. Qxd4 c5 10. Qd1 Re8 11. Nc3 b6 12. Bf4 Bb7 13. Bd5 Nxd5 14. Nxd5
Bxd5 15. Qxd5 Qd7 16. Rad1 Qe6 17. Qxe6 fxe6 18. Bxd6 Bxd6 19. Rxd6 Rad8 20.
Red1 Rxd6 21. Rxd6 Kf8 22. f3 Ke7 23. e5 Rd8 24. Rxd8 Kxd8 25. f4 b5 26. Kf2
Kc7 27. Ke3 Kc6 28. Ke4 a6 29. c3 a5 30. g4 g6 31. h4 Kd7 32. h5 gxh5 33. gxh5
h6 34. f5 Ke7 35. a3 Kd7 36. b4 cxb4 37. cxb4 axb4 38. axb4 Ke7 39. fxe6 Kxe6
40. Kf4 Ke7 41. Kf5 Kf7 42. e6+ Ke8 43. Kg6 Ke7 44. Kxh6 Kf6 45. e7 Kf7 46.
e8=Q+ Kxe8 47. Kg7 Kd7 48. h6 Kc6 49. h7 Kd5 50. h8=Q Kc4 51. Kf7 Kxb4 52. Qh4+
Ka5 53. Ke6 b4 54. Kd5 b3 55. Qc4 b2 56. Qb3 Ka6 57. Kc6 Ka7 58. Qb7# 1-0

[Event "Deutsche Ländermeisterschaft 2019"]
[Site "Würzburg GER"]
[Date "2019.10.05"]
[Round "6"]
[White "Jeschke, Jan"]
[Black "Fromm, Marius"]
[Result "0-1"]
[Termination "normal"]
[Board "10.1"]
[WhiteElo "1863"]
[BlackElo "2124"]
[WhiteTeam "Saarland"]
[BlackTeam "Mecklenburg-Vorpommern"]
[PlyCount "64"]
[WhiteFideId "16225430"]
[BlackFideId "12993190"]
[EventCountry "GER"]
[EventRounds "7"]
[EventType "team-swiss"]
[EventDate "2019.10.01"]

1. e4 e5 2. Nf3 Nc6 3. d4 exd4 4. Nxd4 Nf6 5. Nxc6 bxc6 6. e5 Qe7 7. Qe2 Nd5 8.
h4 Qe6 9. Nd2 a5 10. c4 Nb6 11. g3 Bc5 12. Bh3 Qe7 13. Bg2 Ba6 14. O-O O-O 15.
Re1 Rae8 16. Rb1 f6 17. b3 fxe5 18. Ne4 Bb4 19. Rd1 d5 20. Ng5 e4 21. Bb2 h6
22. Nh3 dxc4 23. bxc4 Bxc4 24. Qg4 Bd5 25. Nf4 Rf7 26. Bh3 e3 27. Qg6 Be4 28.
Qh5 Rxf4 29. gxf4 Bxb1 30. Rxb1 e2 31. Re1 Bxe1 32. Qg6 Bxf2+ 0-1

[Event "Deutsche Ländermeisterschaft 2019"]
[Site "Würzburg GER"]
[Date "2019.10.05"]
[Round "6"]
[White "Lange, Jannis"]
[Black "Zha, Kevin"]
[Result "1-0"]
[Termination "normal"]
[Board "10.2"]
[WhiteElo "2080"]
[BlackElo "1923"]
[WhiteTeam "Mecklenburg-Vorpommern"]
[BlackTeam "Saarland"]
[PlyCount "101"]
[WhiteFideId "12993107"]
[BlackFideId "16208951"]
[EventCountry "GER"]
[EventRounds "7"]
[EventType "team-swiss"]
[EventDate "2019.10.01"]

1. e4 g6 2. d4 Bg7 3. Nc3 d6 4. f4 Nf6 5. Nf3 O-O 6. e5 Nfd7 7. Bc4 dxe5 8.
fxe5 c5 9. e6 Nb6 10. exf7+ Kh8 11. Bd3 cxd4 12. Ne4 Rxf7 13. h4 Kg8 14. h5 Bg4
15. hxg6 hxg6 16. Bh6 Nd5 17. Bxg7 Rxg7 18. Bc4 e6 19. Bxd5 Qxd5 20. Qxd4 Bxf3
21. gxf3 Nc6 22. Qxd5 exd5 23. Nf6+ Kf7 24. Nxd5 Re8+ 25. Kf2 Re5 26. Rad1 Ke6
27. c4 Kf5 28. Ne3+ Ke6 29. Ng4 Ra5 30. Rhe1+ Kf7 31. a3 Rh5 32. Rd7+ Kf8 33.
Re8+ Kxe8 34. Rxg7 Rc5 35. Ne3 Ne7 36. b4 Rh5 37. Nd5 Nxd5 38. cxd5 Rxd5 39.
Rxb7 Rd7 40. Rxd7 Kxd7 41. Ke3 Kc6 42. Kf4 Kb5 43. Kg5 Ka4 44. Kxg6 Kxa3 45. f4
Kxb4 46. f5 a5 47. f6 a4 48. f7 Kb3 49. f8=Q a3 50. Qf2 a2 51. Qf6 1-0

[Event "Deutsche Ländermeisterschaft 2019"]
[Site "Würzburg GER"]
[Date "2019.10.05"]
[Round "6"]
[White "Schumann, Rabea"]
[Black "Müller, Maximilian"]
[Result "0-1"]
[Termination "normal"]
[Board "10.4"]
[WhiteElo "1922"]
[BlackElo "1682"]
[WhiteTeam "Mecklenburg-Vorpommern"]
[BlackTeam "Saarland"]
[PlyCount "102"]
[WhiteFideId "12918199"]
[BlackFideId "16243552"]
[EventCountry "GER"]
[EventRounds "7"]
[EventType "team-swiss"]
[EventDate "2019.10.01"]

1. c4 Nf6 2. g3 c6 3. Nf3 d5 4. Bg2 dxc4 5. O-O Bg4 6. Na3 e6 7. Nxc4 Be7 8. d3
O-O 9. Rb1 Qc7 10. Bf4 Qd8 11. Qb3 b5 12. Na3 Nd5 13. Bd2 Nd7 14. Rfc1 Qb6 15.
e4 N5f6 16. Be3 Qb7 17. Rc2 a5 18. Rd2 a4 19. Qd1 c5 20. h3 Bh5 21. g4 Bg6 22.
Nh4 Rab8 23. Nxg6 hxg6 24. Nc2 b4 25. b3 a3 26. f4 Ne8 27. d4 Nc7 28. dxc5 Nxc5
29. e5 Qb6 30. Nd4 N7a6 31. Nc6 Rbe8 32. Nxe7+ Rxe7 33. Rd6 Qa5 34. Qe2 Rc7 35.
Rc1 Rfc8 36. Bf3 Kh7 37. Kg2 Kg8 38. Kh2 Kf8 39. Kg2 Kg8 40. Kf1 Kh7 41. Rcd1
Nb8 42. Qf2 Rd7 43. Bxc5 Qxc5 44. Qh4+ Kg8 45. Rxd7 Nxd7 46. Rxd7 Qb5+ 47. Be2
Qxd7 48. Bc4 Qd1+ 49. Qe1 Qxe1+ 50. Kxe1 Rxc4 51. bxc4 b3 0-1

[Event "Deutsche Ländermeisterschaft 2019"]
[Site "Würzburg GER"]
[Date "2019.10.05"]
[Round "6"]
[White "Unbehend, Marius"]
[Black "Röste, Hugo"]
[Result "1/2-1/2"]
[Termination "normal"]
[Board "10.5"]
[WhiteElo "1461"]
[BlackElo "1565"]
[WhiteTeam "Saarland"]
[BlackTeam "Mecklenburg-Vorpommern"]
[PlyCount "65"]
[WhiteFideId "16214420"]
[BlackFideId "16247604"]
[EventCountry "GER"]
[EventRounds "7"]
[EventType "team-swiss"]
[EventDate "2019.10.01"]

1. e4 c5 2. d4 cxd4 3. c3 d3 4. c4 d6 5. Bxd3 e6 6. Nc3 Nc6 7. Nf3 Nf6 8. h3
Be7 9. Be3 O-O 10. Rc1 b6 11. O-O Bb7 12. Qe2 Rc8 13. Rfd1 Qc7 14. Bb1 Ba6 15.
b3 Rfd8 16. Bf4 Qb8 17. Rd2 Rd7 18. Rcd1 Rcd8 19. Bh2 Bb7 20. Nd4 Nxd4 21. Rxd4
a6 22. f3 Bc6 23. Kh1 b5 24. c5 e5 25. cxd6 Bxd6 26. R4d2 Qc8 27. Nd5 Bc7 28.
Nxc7 Qxc7 29. Rxd7 Rxd7 30. Rxd7 Nxd7 31. Bg1 Qd6 32. Bf2 Nb8 33. Qe1 1/2-1/2

[Event "Deutsche Ländermeisterschaft 2019"]
[Site "Würzburg GER"]
[Date "2019.10.05"]
[Round "6"]
[White "Greßler, Christian"]
[Black "Fuchs, Emily"]
[Result "1/2-1/2"]
[Termination "normal"]
[Board "10.6"]
[WhiteElo "1464"]
[BlackElo "1490"]
[WhiteTeam "Mecklenburg-Vorpommern"]
[BlackTeam "Saarland"]
[PlyCount "53"]
[WhiteFideId "16244907"]
[BlackFideId "16208986"]
[EventCountry "GER"]
[EventRounds "7"]
[EventType "team-swiss"]
[EventDate "2019.10.01"]

1. e4 e5 2. Nf3 Nc6 3. Bb5 a6 4. Ba4 Nf6 5. d3 d6 6. c3 Bg4 7. h3 Be6 8. Nbd2
b5 9. Bc2 d5 10. O-O Bc5 11. Re1 dxe4 12. Nxe4 Nxe4 13. Rxe4 O-O 14. d4 exd4
15. Nxd4 Nxd4 16. cxd4 Bf5 17. Be3 Bd6 18. Qh5 Bxe4 19. Bxe4 g6 20. Qh6 Rb8 21.
f4 Qe7 22. f5 Qf6 23. Rd1 Qg7 24. Qh4 f6 25. fxg6 hxg6 26. Bd5+ Rf7 27. Rf1
1/2-1/2

[Event "Deutsche Ländermeisterschaft 2019"]
[Site "Würzburg GER"]
[Date "2019.10.05"]
[Round "6"]
[White "Alhassan, Jodi"]
[Black "Wucherer, Sophie"]
[Result "0-1"]
[Termination "normal"]
[Board "10.7"]
[WhiteElo "1147"]
[BlackElo "1531"]
[WhiteTeam "Saarland"]
[BlackTeam "Mecklenburg-Vorpommern"]
[PlyCount "74"]
[WhiteFideId "16250460"]
[BlackFideId "16225473"]
[EventCountry "GER"]
[EventRounds "7"]
[EventType "team-swiss"]
[EventDate "2019.10.01"]

1. e4 e6 2. d4 d5 3. exd5 exd5 4. Bd3 Bd6 5. Nf3 Bg4 6. O-O c6 7. Re1+ Ne7 8.
c3 Qc7 9. h3 Bh5 10. Nbd2 Nd7 11. Qc2 f6 12. Nh4 O-O-O 13. Bxh7 g5 14. Nf5 Nxf5
15. Bxf5 Rdg8 16. Be6 Rg7 17. Qf5 Be7 18. Bxd7+ Qxd7 19. Qxd7+ Kxd7 20. g4 Bf7
21. Kg2 Rgh7 22. Rh1 Be6 23. f3 f5 24. Kg3 fxg4 25. fxg4 Bxg4 26. Kf2 Rxh3 27.
Rxh3 Rxh3 28. Nf1 Rh5 29. Be3 Bd6 30. Ng3 Rh2+ 31. Kf1 Bxg3 32. Rc1 Bh3+ 33.
Kg1 Rg2+ 34. Kh1 Bh2 35. b4 Rxa2 36. Bxg5 Bf5 37. Re1 Be4+ 0-1

[Event "Deutsche Ländermeisterschaft 2019"]
[Site "Würzburg GER"]
[Date "2019.10.05"]
[Round "6"]
[White "Sens, Gerda"]
[Black "Chassard, Cecilia"]
[Result "1/2-1/2"]
[Termination "normal"]
[Board "10.8"]
[WhiteElo "1291"]
[BlackElo "890"]
[WhiteTeam "Mecklenburg-Vorpommern"]
[BlackTeam "Saarland"]
[PlyCount "96"]
[WhiteFideId "16287029"]
[BlackFideId "16271831"]
[EventCountry "GER"]
[EventRounds "7"]
[EventType "team-swiss"]
[EventDate "2019.10.01"]

1. e4 e5 2. Nf3 Nc6 3. Bc4 Bc5 4. c3 Nf6 5. d3 d6 6. Bb3 Be6 7. Bc2 O-O 8. O-O
Qd7 9. h3 Rfe8 10. Nbd2 Rad8 11. Re1 Ne7 12. Nf1 Ng6 13. Ng3 a6 14. Bg5 h6 15.
Bxf6 gxf6 16. Nh5 Qe7 17. d4 exd4 18. cxd4 Bb4 19. Nd2 d5 20. exd5 Rxd5 21. a3
Bxd2 22. Qxd2 Rxh5 23. Bb3 Qd7 24. Qd1 Bxb3 25. Qxh5 Rxe1+ 26. Rxe1 Qxd4 27.
Qxh6 Qd8 28. Re3 Bc2 29. Re2 Bd3 30. Rd2 c5 31. b3 b5 32. Rd1 c4 33. bxc4 bxc4
34. h4 Qf8 35. Qxf8+ Kxf8 36. h5 Nh8 37. f3 Bc2 38. Rd8+ Kg7 39. h6+ Kh7 40.
Rc8 Ng6 41. Rxc4 Bd3 42. Rc6 Kxh6 43. Rxf6 Kg7 44. Rd6 Bb5 45. Kf2 Nh4 46. Rd5
Bc6 47. Rg5+ Kf6 48. Rh5 Nf5 1/2-1/2